000 00228nam a2200097Ia 4500
005 20251222144701.0
008 251222s9999||||xx |||||||||||||| ||spa||
082 _a927.78/B35L/Ej.2
245 0 _aLudwig Van Beethoven
942 _cLIB
999 _c17455
_d17455